|
|
|
|
| LEADER |
00873cam a2200229 7i4500 |
| 001 |
0000030836 |
| 005 |
20091116090000.0 |
| 008 |
091113 eng |
| 020 |
|
|
|a 1402011598
|
| 020 |
|
|
|a 9781402011598 (hbk.)
|
| 040 |
|
|
|a DLC
|
| 090 |
0 |
0 |
|a LB177
|b .E35 2003
|
| 245 |
0 |
4 |
|a The ethical dimensions of school leadership
|c edited by Paul T. Begley and Olof Johansson.
|
| 260 |
|
|
|a Dordrecht
|a Boston:
|b Kluwer Academic Publishers,
|c 2003.
|
| 300 |
|
|
|a xviii, 236 p.:
|b ill.;
|c 25 cm.
|
| 490 |
1 |
|
|a Studies in educational leadership;
|v v. 1
|
| 504 |
|
|
|a Includes bibliographical references and index
|
| 650 |
|
0 |
|a School administrator --
|x Professional ethics
|
| 650 |
|
0 |
|a Educational leadership --
|x Moral and ethical aspects
|
| 700 |
1 |
|
|a Begley, Paul Thomas
|
| 700 |
1 |
|
|a Johansson, Olof
|
| 999 |
|
|
|a 0000039870
|b BOK
|c OPEN SHELF
|e 1st Floor, Bestari Jaya
|